书目信息 |
| 题名: |
亚细亚的孤儿
|
|
| 作者: | 吴浊流, 著 ;常玉莹 编选 ;中国现代文学馆 编 | |
| 分册: | ||
| 出版信息: | 北京 华夏出版社 2011.01 |
|
| 页数: | 277页, [3] 页图版 | |
| 开本: | 24cm | |
| 丛书名: | 中国现代文学百家 | |
| 单 册: | ||
| 中图分类: | I246 | |
| 科图分类: | ||
| 主题词: | 小说--xiao shuo--中国--现代--选集 | |
| 电子资源: | ||
| ISBN: | 978-7-5080-1624-5 | |
| 000 | 00986nam 2200289 450 | |
| 001 | CAL 012009134914 | |
| 005 | 20111230182137.34 | |
| 010 | @a978-7-5080-1624-5@dCNY27.00 | |
| 100 | @a20091012d2011 em y0chiy0121 ea | |
| 101 | 0 | @achi |
| 102 | @aCN@b110000 | |
| 105 | @aacfha 000ad | |
| 200 | 1 | @a亚细亚的孤儿@Aya xi ya de gu er@e吴浊流代表作@f中国现代文学馆编@g常玉莹编选 |
| 210 | @a北京@c华夏出版社@d2011.01 | |
| 215 | @a277页, [3] 页图版@c图, 肖像, 摹真@d24cm | |
| 225 | 2 | @a中国现代文学百家@Azhong guo xian dai wen xue bai jia |
| 320 | @a有书目 (第277页) | |
| 410 | 0 | @12001 @a中国现代文学百家 |
| 517 | 1 | @a吴浊流代表作@AWu Zhuo Liu Dai Biao Zuo |
| 606 | 0 | @a小说@Axiao shuo@y中国@z现代@j选集 |
| 690 | @aI246@v4 | |
| 701 | 0 | @a吴浊流,@AWu Zhuoliu@f1900-1976@4著 |
| 702 | 0 | @a常玉莹@AChang Yuying@4编选 |
| 712 | 02 | @a中国现代文学馆@AZhongguo xian dai wen xue guan@4编 |
| 801 | 0 | @aCN@bECN@c20111230 |
| 801 | 2 | @aCN@bECNU@c20091012 |
| 905 | @aZUCC@dI246@eZ654@f3 | |
| 亚细亚的孤儿:吴浊流代表作/中国现代文学馆编/常玉莹编选.-北京:华夏出版社,2011.01 |
| 277页, [3] 页图版:图, 肖像, 摹真;24cm.-(中国现代文学百家) |
| ISBN 978-7-5080-1624-5:CNY27.00 |
| ● |
| 相关链接 |
|
|
|
正题名:亚细亚的孤儿
索取号:I246/Z654
 
预约/预借
| 序号 | 登录号 | 条形码 | 馆藏地/架位号 | 状态 | 备注 |
| 1 | 1191707 | 211917078 | 自科二线404/108文学库 23排3列3层/ [索取号:I246/Z654] | 在馆 | |
| 2 | 1191708 | 211917087 | 文学库108/108文学库 23排3列3层/ [索取号:I246/Z654] | 在馆 | |
| 3 | 1191709 | 211917096 | 文学库108/108文学库 23排3列3层/ [索取号:I246/Z654] | 在馆 |